000 00860cab a2200253 4500
001 WB3346-15
008 090401t1997 xxu||||| |||| 00| 0 eng d
035 _a(Sirsi) u82319
041 _aeng
245 _aGovt. set to exploit assets
260 _c1997
350 _a0
490 _aFinancial Times
_v25 November 1997, 16
490 _aGuardian
_v26 November 1997, 21(3)
520 _aGovernment departments are being encouraged to sell or commercially exploit their assets following the publication of a National Assets Register listing all the items owned by the government. Includes a list of some of the assets.
650 _aASSET REGISTERS
650 _aGOVERNMENT
650 _aNATIONAL ASSET REGISTER
650 _aRESOURCE ACCOUNTING
650 _aSTATE ASSETS
690 _aECONOMIC AND SOCIAL
942 _n0
948 _c25/11/1997
999 _c51953
_d51953